000 00664nam a2200193Ia 4500
003 GCL
005 20240530103629.0
008 140319s9999 xx 000 0 ara d
040 _aGCL /
_cGCL
082 0 4 _a301.351/
_bم د
100 0 _aمحمود عوده
245 1 0 _aدراسات فى علم الاجتماع الريفى/
_cتاليف محمود عوده ؛ تقديم حسن الساعاتى
260 _aبيروت :
_bدار النهضة العربية،
_c1982.
300 _a217 ص. ؛
_c24 سم.
650 0 4 _aالاجتماع
650 0 4 _aعلم الاجتماع الريفى
700 1 _a حسن الساعاتى
_eمقدم
942 _2ddc
_cBK
999 _c41292
_d41292